[Event "Damhus-ch B"]
[Site "Rodovre"]
[Date "2011.09.20"]
[Round "3"]
[White "Bauers, Sten"]
[Black "Sumberg, Petur"]
[Result "0-1"]
[WhiteElo "1542"]
[BlackElo "1605"]
[PlyCount "88"]
[EventDate "2011.09.06"]
[EventType "tourn"]
[EventRounds "7"]
[EventCountry "DEN"]
[SourceTitle "EXT 2023"]
[Source "ChessBase"]
[SourceDate "2022.10.05"]
[SourceVersion "1"]
[SourceVersionDate "2022.10.05"]
[SourceQuality "1"]

1. e4 d6 2. f4 g6 3. Nf3 Bg7 4. d4 Nf6 5. e5 dxe5 6. fxe5 Nd5 7. c4 Nb6 8. Nc3 0-0 9. Bg5 f6 10. Bh4 fxe5 11. Nxe5 Bxe5 12. dxe5 Nc6 13. c5 Qxd1+ 14. Rxd1 Nd7 15. Bc4+ Kg7 16. b4 Ncxe5 17. Bb3 Rf4 18. Bxe7 c6 19. a3 a5 20. Ne2 Rg4 21. 0-0 axb4 22. Nf4 Rxa3 23. Be6 Rc3 24. Bxg4 Nxg4 25. Ne6+ Kg8 26. Rc1 Rxc1 27. Rxc1 Kf7 28. Bd6 Kxe6 29. Rc4 Ngf6 30. Rxb4 b5 31. cxb6 Kxd6 32. b7 Bxb7 33. Rxb7 c5 34. Kf2 c4 35. h3 c3 36. Ke2 Nd5 37. Ra7 h5 38. Ra6+ N7b6 39. g4 hxg4 40. hxg4 Ke5 41. Ra5 g5 42. Kf3 Nc4 43. Rc5 Kd4 44. Rc8 c2 0-1

[Event "Rodovre-ch A"]
[Site "Rodovre"]
[Date "2009.10.08"]
[Round "3"]
[White "Bauers, Sten"]
[Black "Ohayv, Nikolaj"]
[Result "0-1"]
[WhiteElo "1586"]
[BlackElo "1800"]
[PlyCount "54"]
[EventDate "2009.09.01"]
[EventType "tourn"]
[EventRounds "7"]
[EventCountry "DEN"]
[SourceTitle "EXT 2023"]
[Source "ChessBase"]
[SourceDate "2022.10.05"]
[SourceVersion "1"]
[SourceVersionDate "2022.10.05"]
[SourceQuality "1"]

1. e4 e5 2. f4 exf4 3. Nf3 g5 4. d4 h5 5. Bc4 d6 6. 0-0 Bh6 7. e5 d5 8. Bb3 Be6 9. Bd2 Ne7 10. Bb4 Nf5 11. Qd3 c6 12. a4 Na6 13. Ba3 Qb6 14. Kh1 g4 15. Ng1 Qxd4 16. Nd2 Qxd3 17. cxd3 c5 18. Rf2 b6 19. Rd1 0-0-0 20. Ne2 Ne3 21. Rc1 g3 22. hxg3 Ng4 23. Rxf4 Nxe5 24. Rc2 Nxd3 25. Rd4 Nf2+ 26. Kg1 Be3 27. Rh4 Ne4+ 0-1